Wirtschaftliche Serien- und Lasgrössen

Salvato in:
Dettagli Bibliografici
Autore principale: Kiessig, Theo
Natura: Libro
Lingua:tedesco
Pubblicazione: Berlin Veb Verlag Technik 1967
Edizione:2. durchgeseh. Aufl.
Tags: Aggiungi Tag
Nessun Tag, puoi essere il primo ad aggiungerne!!

MARC

LEADER 00000nam a2200000 4500
001 c121516
005 20041019155222.6
041 0 |a ger 
044 |a DE 
245 1 0 |a Wirtschaftliche Serien- und Lasgrössen  |c Theo Kiessig 
250 |a 2. durchgeseh. Aufl. 
264 1 |a Berlin  |b Veb Verlag Technik  |c 1967 
300 |a 151 s. 
100 1 |a Kiessig, Theo